Is That Really an Instrument? Quiz Stats

 Plays Quiz Updated Feb 21, 2019

Support Sporcle.
Go Orange.
Score 0/20 Timer 03:00
2 Plays Today
% Correct
Xylophone
96.2%
Ukulele
94.8%
Harpsichord
89.7%
Bugle
89.3%
Flugelhorn
85.6%
Vuvuzela
75.3%
Harmonium
74.1%
Ocarina
73.4%
Mandola
68.9%
Octobass
66.6%
% Correct
Folgerphone
45.8%
Tromboon
43.3%
Soprillo
41.9%
Flumpet
40.8%
Bazooka
40.8%
Sackbut
38.6%
Gittern
34.2%
Crwth
33.8%
Tubax
32.7%
Khol
31.4%

From the Vault

TV Show Scene Picture Match

by beisaa

It's like watching lots of TVs all at once.
Remove Ads.
Support Sporcle.
Get the best of Sporcle when you Go Orange. This ad-free experience offers more features, more stats, and more fun while also helping to support Sporcle. Thank you for becoming a member.

Show Comments

Extras

Top Quizzes Today


Score Distribution

Your Account Isn't Verified!

In order to create a playlist on Sporcle, you need to verify the email address you used during registration. Go to your Sporcle Settings to finish the process.

Report this User

Report this user for behavior that violates our Community Guidelines.

Details: